សិក្សាឧបករណ៍បាច់ជីនៅក្នុងស្រែ (Record no. 4112)

000 -LEADER
fixed length control field 00465nam a22001577a 4500
003 - CONTROL NUMBER IDENTIFIER
control field OSt
005 - DATE AND TIME OF LATEST TRANSACTION
control field 20151206145324.0
008 - FIXED-LENGTH DATA ELEMENTS--GENERAL INFORMATION
fixed length control field 151206b xxu||||| |||| 00| 0 eng d
040 ## - CATALOGING SOURCE
Transcribing agency RUA
082 ## - DEWEY DECIMAL CLASSIFICATION NUMBER
Classification number ATM វុន 1994 B190 Or.1
100 ## - MAIN ENTRY--PERSONAL NAME
9 (RLIN) 4412
Personal name វុន វ៉ារី
245 ## - TITLE STATEMENT
Title សិក្សាឧបករណ៍បាច់ជីនៅក្នុងស្រែ
260 ## - PUBLICATION, DISTRIBUTION, ETC. (IMPRINT)
Place of publication, distribution, etc. Phnom Penh
Name of publisher, distributor, etc. RUA
Date of publication, distribution, etc. 1994
300 ## - PHYSICAL DESCRIPTION
Extent 67p.
Other physical details ill.
Dimensions 29cm.
942 ## - ADDED ENTRY ELEMENTS (KOHA)
Source of classification or shelving scheme
Koha item type ATM
Holdings
Price effective from Date last seen Permanent Location Not for loan Date acquired Source of classification or shelving scheme Koha item type Barcode Lost status Damaged status Shelving location Withdrawn status Current Location Full call number
2015-12-062015-12-06Library Block B 2015-12-06 ATMRUA043046  B190 Library Block BATM វុន 1994 B190 Or.1
2016-09-222016-09-22Library Block B 2016-09-22 ATMRUA045916  B190 Library Block BATM វុន 1994 B190 Or.2
2016-11-112016-11-11Library Block B 2016-11-11 ATMA04076  B190 Library Block BATM វុន 1994 B190 Or.3
មជ្ឈមណ្ឌលឯការនៃសាកលវិទ្យាល័យភូមិន្ទកសិកម្មចំការដូង

Powered by Koha